|
|
|
|
| LEADER |
00871nam a2200241 a 4500 |
| 001 |
7197660 |
| 008 |
111024s2007 enk 000 0 eng |
| 010 |
|
|
|a unk81056784
|
| 020 |
|
|
|a 0195685865
|
| 020 |
|
|
|a 9780195685862
|
| 040 |
|
|
|a DLC
|c CarP
|d DLC
|d BD-DhAAL
|
| 082 |
0 |
0 |
|a 823.92
|2 22
|
| 100 |
1 |
|
|a Wilson, Margaret,
|d 1882-
|
| 245 |
0 |
0 |
|a Daughters of India /
|c Margaret Wilson, edited by Ralph Crane.
|
| 260 |
|
|
|a New York ;
|a New Delhi, :
|b Oxford University press,
|c 2007
|
| 300 |
|
|
|a xxv, 192 p. ;
|c 22 cm.
|
| 541 |
|
|
|e 00016808
|
| 650 |
|
0 |
|a Women
|z India
|v Fiction.
|
| 651 |
|
0 |
|a India
|v Fiction.
|
| 700 |
1 |
|
|a Crane, Ralph
|
| 852 |
1 |
|
|a Ayesha Abed Library
|c General shelf.
|
| 999 |
|
|
|c 11353
|d 11353
|
| 952 |
|
|
|0 0
|1 0
|2 ddc
|4 0
|6 823_920000000000000_WIL
|7 0
|9 18462
|a BRACUL
|b BRACUL
|c GEN
|d 2011-10-26
|l 4
|m 14
|o 823.92 WIL
|p 3010016808
|r 2017-01-21
|s 2017-01-08
|t 1
|w 2011-10-26
|y BK
|